[Event "BCF-chT4 2223 (4NCL)"]
[Site "England"]
[Date "2023.03.26"]
[Round "8.116"]
[White "Korchagina, Polina"]
[Black "Kilmartin, David"]
[Result "1-0"]
[WhiteElo "1171"]
[BlackElo "1438"]
[PlyCount "43"]
[EventDate "2022.11.05"]
[EventType "team-swiss"]
[EventRounds "11"]
[EventCountry "ENG"]
[SourceTitle "EXT 2024"]
[Source "ChessBase"]
[SourceDate "2023.10.10"]
[SourceVersion "1"]
[SourceVersionDate "2023.10.10"]
[SourceQuality "1"]
[WhiteTeam "Anglian Avengers II"]
[BlackTeam "Average Wood Pushers II"]
[WhiteTeamCountry "ENG"]
[BlackTeamCountry "ENG"]

1. e4 e6 2. d4 d5 3. exd5 exd5 4. Bd3 Nc6 5. c3 Bd6 6. Qf3 Nge7 7. Ne2 Be6 8. Bf4 Bxf4 9. Nxf4 Bf5 10. Bxf5 Nxf5 11. Nxd5 Nd6 12. Nd2 0-0 13. 0-0 Qd7 14. Rfe1 Rfe8 15. Qg3 Qd8 16. Rxe8+ Nxe8 17. Ne3 Nd6 18. Re1 Qf6 19. Nd5 Qd8 20. Qe3 Qd7 21. Qg5 Ne8 22. Rxe8+ 1-0